[Event "GER-chT U20 Girls"]
[Site "Muenster"]
[Date "2022.12.27"]
[Round "2"]
[White "Henninger, Claire"]
[Black "Kalina, Lena"]
[Result "1/2-1/2"]
[WhiteElo "1534"]
[BlackElo "1842"]
[PlyCount "55"]
[EventDate "2022.12.26"]
[EventType "team-swiss"]
[EventRounds "7"]
[EventCountry "GER"]
[SourceTitle "CBM 212 Extra"]
[Source "ChessBase"]
[SourceDate "2023.03.31"]
[SourceVersion "1"]
[SourceVersionDate "2023.03.31"]
[SourceQuality "1"]
[WhiteTeam "Karlsruhe II"]
[BlackTeam "Landskrone"]
[WhiteTeamCountry "GER"]
[BlackTeamCountry "GER"]

1. e4 c5 2. Nf3 Nc6 3. d4 cxd4 4. Nxd4 g6 5. c4 Nf6 6. Nc3 d6 7. Be2 Bg7 8. Be3 0-0 9. 0-0 Bd7 10. f3 a5 11. b3 Nxd4 12. Bxd4 Bc6 13. Rc1 e6 14. Be3 Qd7 15. Qc2 Rfc8 16. Rfd1 Qc7 17. Kh1 Rab8 18. Bf4 Ne8 19. c5 e5 20. cxd6 Nxd6 21. Be3 Ne8 22. Qb1 Qe7 23. Nd5 Bxd5 24. Rxd5 Rxc1+ 25. Qxc1 b6 26. Qd2 Nf6 27. Rd6 b5 28. Bc5 1/2-1/2

[Event "GER-chT Lands U20"]
[Site "Wiesbaden"]
[Date "2022.10.01"]
[Round "1.7"]
[White "Basovskiy, Jana"]
[Black "Henninger, Claire"]
[Result "1-0"]
[WhiteElo "1858"]
[BlackElo "1526"]
[PlyCount "97"]
[EventDate "2022.09.30"]
[EventType "team-swiss"]
[EventRounds "7"]
[EventCountry "GER"]
[SourceTitle "CBM 210 Extra"]
[Source "ChessBase"]
[SourceDate "2022.11.30"]
[SourceVersion "1"]
[SourceVersionDate "2022.11.30"]
[SourceQuality "1"]
[WhiteTeam "Baden U20"]
[BlackTeam "Baden U20 II"]
[WhiteTeamCountry "GER"]
[BlackTeamCountry "GER"]

1. e4 c6 2. d4 d5 3. e5 Bf5 4. h4 h5 5. Bg5 Qb6 6. Bd3 Qxb2 7. Bxf5 Qxa1 8. e6 Nh6 9. exf7+ Nxf7 10. Nf3 Nd7 11. Bg6 e6 12. 0-0 Be7 13. Qe2 Nf8 14. Ne5 Nxg6 15. Nxg6 Nxg5 16. hxg5 Kd7 17. Nxh8 Rxh8 18. Re1 Bb4 19. Qxe6+ Kc7 20. Qe5+ Kb6 21. c3 Bxc3 22. Nxc3 Qxc3 23. Rb1+ Ka5 24. Qc7+ Ka4 25. Qxb7 a5 26. Qxg7 Re8 27. Qf6 Qc2 28. Rf1 Rg8 29. Re1 h4 30. Re3 Rg6 31. Qe7 Qc1+ 32. Kh2 Qd2 33. Ra3+ Kb5 34. Qb7+ Kc4 35. Ra4+ Kd3 36. Qb1+ Qc2 37. Ra3+ Kd2 38. Qf1 Re6 39. Qa6 Re1 40. Qxa5+ Kd1 41. Qa4 Re4 42. Rd3+ Kc1 43. Qa3+ Kb1 44. Rb3+ Ka1 45. Rc3 Qb2 46. Rc1+ Qxc1 47. Qxc1+ Kxa2 48. Qxc6 Rxd4 49. Qc2+ 1-0

[Event "GER-chT Lands U20"]
[Site "Neumuenster"]
[Date "2021.10.04"]
[Round "5.2"]
[White "Trunz, Michelle"]
[Black "Henninger, Claire"]
[Result "1/2-1/2"]
[WhiteElo "1722"]
[BlackElo "1476"]
[PlyCount "76"]
[EventDate "2021.10.01"]
[EventType "team-swiss"]
[EventRounds "7"]
[EventCountry "GER"]
[SourceTitle "CBM 204 Extra"]
[Source "ChessBase"]
[SourceDate "2021.11.30"]
[SourceVersion "1"]
[SourceVersionDate "2021.11.30"]
[SourceQuality "1"]
[WhiteTeam "Nordrhein Westfalen"]
[BlackTeam "Baden"]
[WhiteTeamCountry "GER"]
[BlackTeamCountry "GER"]

1. d4 d5 2. c4 e6 3. Nf3 Nf6 4. Bg5 Be7 5. e3 h6 6. Bh4 Nbd7 7. Nc3 0-0 8. Bd3 b6 9. 0-0 Bb7 10. Qe2 c5 11. cxd5 Nxd5 12. Bxe7 Qxe7 13. Rac1 Rfc8 14. a3 Nxc3 15. Rxc3 cxd4 16. Rxc8+ Rxc8 17. Nxd4 Nc5 18. Bc4 Na4 19. b3 Nc3 20. Qg4 Nd5 21. a4 Nf6 22. Qe2 Bd5 23. Bxd5 Nxd5 24. Qb2 Rc5 25. Rc1 Nb4 26. Qd2 Qc7 27. Rd1 Nd5 28. Nb5 Qb7 29. e4 a6 30. Nd6 Qc6 31. Nc4 Nf6 32. Qd8+ Kh7 33. f3 b5 34. Rd6 Qc7 35. Qxc7 Rxc7 36. axb5 axb5 37. Na3 Rc3 38. Nxb5 Rxb3 1/2-1/2

[Event "GER Pfingstopen U16"]
[Site "Playchess.com INT"]
[Date "2020.06.05"]
[Round "6"]
[White "Henninger, Claire"]
[Black "Fellberg, Justus"]
[Result "1/2-1/2"]
[WhiteElo "1649"]
[BlackElo "1596"]
[PlyCount "159"]
[EventDate "2020.06.05"]
[EventType "swiss (blitz)"]
[EventRounds "11"]
[EventCountry "GER"]
[SourceTitle "CBM 197 Extra"]
[Source "ChessBase"]
[SourceDate "2020.09.30"]
[SourceVersion "1"]
[SourceVersionDate "2020.09.30"]
[SourceQuality "1"]

1. e4 Nc6 2. Nf3 e5 3. d4 exd4 4. Nxd4 Bc5 5. c3 Qf6 6. Be3 Nge7 7. Bd3 0-0 8. Bc2 d6 9. 0-0 Qg6 10. e5 f5 11. exd6 cxd6 12. Qf3 Nxd4 13. cxd4 Bb6 14. Nd2 d5 15. Nb3 Qd6 16. Bf4 Qg6 17. Be5 Nc6 18. Qxd5+ Be6 19. Qf3 Nxe5 20. dxe5 Rac8 21. Bd3 Rfd8 22. Rfd1 Bd5 23. Qg3 Qxg3 24. hxg3 Bxb3 25. axb3 g6 26. Bc4+ Kf8 27. e6 Ke7 28. Kf1 a6 29. Ke2 Bc7 30. b4 b5 31. Bb3 Rb8 32. Rxa6 Rxd1 33. Kxd1 Rd8+ 34. Ke2 Rd6 35. Ra7 Rc6 36. f4 Kd8 37. Ra8+ Ke7 38. Ra7 Kd8 39. Rb7 Rb6 40. Rxb6 Bxb6 41. Kf3 Ke7 42. Bd5 Bc7 43. Ke3 Bd6 44. Kd4 Bxb4 45. b3 Kd6 46. Bb7 Bc5+ 47. Kd3 b4 48. Bc8 Ke7 49. Bd7 Bd6 50. Kc4 h6 51. Kd3 g5 52. Ke3 gxf4+ 53. gxf4 h5 54. Kf3 h4 55. g3 hxg3 56. Kxg3 Kf6 57. Kf3 Bc5 58. Ke2 Bd6 59. Ke3 Bc5+ 60. Kd3 Bd6 61. Kc4 Bxf4 62. Kxb4 Bd6+ 63. Kc4 Ke7 64. b4 f4 65. b5 f3 66. Kd3 Bc5 67. Bc6 f2 68. Bg2 Kxe6 69. Kc4 Be3 70. Bf1 Ke5 71. Kb4 Ke4 72. Ka5 Kf3 73. b6 Bxb6+ 74. Kxb6 Ke3 75. Bb5 Kd2 76. Kc5 Ke1 77. Kd4 Kd2 78. Ke4 Ke1 79. Kf3 f1Q+ 80. Bxf1 1/2-1/2

[Event "GER Pfingstopen U16"]
[Site "Playchess.com INT"]
[Date "2020.06.05"]
[Round "1"]
[White "Henninger, Claire"]
[Black "Reich, Jason Christian"]
[Result "0-1"]
[WhiteElo "1649"]
[BlackElo "1444"]
[PlyCount "132"]
[EventDate "2020.06.05"]
[EventType "swiss (blitz)"]
[EventRounds "11"]
[EventCountry "GER"]
[SourceTitle "CBM 197 Extra"]
[Source "ChessBase"]
[SourceDate "2020.09.30"]
[SourceVersion "1"]
[SourceVersionDate "2020.09.30"]
[SourceQuality "1"]

1. e4 e5 2. Nf3 Nc6 3. Bc4 Bc5 4. d3 d6 5. Nc3 Bg4 6. h3 Bh5 7. Be3 Bb6 8. Nd5 Nge7 9. Nxb6 axb6 10. Bb5 0-0 11. 0-0 f5 12. exf5 Rxf5 13. g4 Rf6 14. Bg5 Rf8 15. gxh5 Qd7 16. Kh2 Qf5 17. Bxe7 Nxe7 18. Ng1 e4 19. dxe4 Qxb5 20. Qd4 Qe5+ 21. Qxe5 dxe5 22. Kg3 Nc6 23. Nf3 Ra4 24. Rfe1 Rc4 25. c3 Rc5 26. Rad1 Ra5 27. a3 Raa8 28. Rd5 Rae8 29. Red1 Rf7 30. Rd7 Rxd7 31. Rxd7 Rc8 32. Rd5 Re8 33. Rd6 cxd6 34. Kg2 Rf8 35. Kg3 Na5 36. Ng5 Nc4 37. b3 Nxa3 38. Ne6 Rf6 39. Nc7 Nb1 40. Nd5 Rf7 41. h4 Nd2 42. Nxb6 Nxe4+ 43. Kg4 Nxf2+ 44. Kg3 Ne4+ 45. Kg4 Nxc3 46. Nc4 Rf4+ 47. Kg3 Rxc4 48. bxc4 Kf7 49. Kf3 Ke6 50. Ke3 b5 51. Kd3 b4 52. Kc2 e4 53. Kb3 e3 54. Kc2 e2 55. Kd2 b3 56. Kxc3 e1Q+ 57. Kxb3 Qc1 58. Kb4 d5 59. c5 Qc4+ 60. Ka5 Qxc5+ 61. Ka4 Qb6 62. Ka3 Kd6 63. Ka2 Kc5 64. Ka1 Kc4 65. Ka2 Kc3 66. Ka1 Qb2# 0-1

[Event "GER Pfingstopen U16"]
[Site "Playchess.com INT"]
[Date "2020.06.05"]
[Round "7"]
[White "Walter, Kiron Alexander"]
[Black "Henninger, Claire"]
[Result "1-0"]
[WhiteElo "1620"]
[BlackElo "1649"]
[PlyCount "107"]
[EventDate "2020.06.05"]
[EventType "swiss (blitz)"]
[EventRounds "11"]
[EventCountry "GER"]
[SourceTitle "CBM 197 Extra"]
[Source "ChessBase"]
[SourceDate "2020.09.30"]
[SourceVersion "1"]
[SourceVersionDate "2020.09.30"]
[SourceQuality "1"]

1. e4 e5 2. Nf3 Nc6 3. d4 exd4 4. Nxd4 Nxd4 5. Qxd4 b6 6. Bf4 Bb7 7. Nc3 Bc5 8. Qxg7 Qf6 9. Qxf6 Nxf6 10. Bxc7 Nxe4 11. Nxe4 Bxe4 12. f3 Bxc2 13. Be5 Rg8 14. Rc1 Bg6 15. Bc4 Ke7 16. Kd1 d6 17. Bf4 Rad8 18. Re1+ Kf6 19. h4 Kg7 20. g4 d5 21. Bb3 h6 22. h5 Bh7 23. Bc7 Rd7 24. Be5+ f6 25. Bc3 Rgd8 26. Ba4 Rf7 27. b4 Bf2 28. Re2 Bg3 29. b5 d4 30. Bb4 Bf4 31. Rc4 Bd3 32. Rec2 Bxc2+ 33. Rxc2 d3 34. Rc3 Be5 35. Rc6 Rdd7 36. Bb3 Rc7 37. Rxc7 Rxc7 38. Be6 Bb2 39. Kd2 Be5 40. Kxd3 a5 41. Ba3 Rb7 42. Bd5 Rd7 43. Ke4 Rc7 44. f4 Ba1 45. Bd6 Rd7 46. Ba3 Bc3 47. Be6 Rc7 48. Kf5 Bb4 49. Bxb4 axb4 50. g5 hxg5 51. fxg5 Rc5+ 52. Kg4 Rxg5+ 53. Kh4 Rxb5 54. a4 1-0

[Event "GER-chT U14 Girls"]
[Site "Magdeburg"]
[Date "2015.12.27"]
[Round "1.4"]
[White "Zhou, Lepu Coco"]
[Black "Henninger, Claire"]
[Result "0-1"]
[WhiteElo "1050"]
[BlackElo "747"]
[PlyCount "108"]
[EventDate "2015.12.27"]
[EventType "team-swiss"]
[EventRounds "7"]
[EventCountry "GER"]
[SourceTitle "EXT 2017"]
[Source "ChessBase"]
[SourceDate "2016.10.25"]
[SourceVersion "1"]
[SourceVersionDate "2016.10.25"]
[SourceQuality "1"]
[WhiteTeam "Berlin Schachpinguine"]
[BlackTeam "Endingen"]
[WhiteTeamCountry "GER"]
[BlackTeamCountry "GER"]

1. e4 c6 2. d4 d5 3. exd5 cxd5 4. Nf3 Nf6 5. Nc3 Bf5 6. Bf4 Nc6 7. Bd3 e6 8. Bxf5 exf5 9. 0-0 Bd6 10. Bxd6 Qxd6 11. Re1+ Ne4 12. Nb5 Qd7 13. Nd2 0-0 14. f3 Ng5 15. Nb3 Nb4 16. Nc3 Rfe8 17. Nc5 Qc6 18. Rxe8+ Rxe8 19. Qd2 b6 20. Qxg5 bxc5 21. a3 Nxc2 22. Rc1 Nxd4 23. Qh4 g6 24. Re1 Rxe1+ 25. Qxe1 Ne6 26. Qe2 d4 27. Nb5 a6 28. a4 axb5 29. axb5 Qb6 30. b3 Nc7 31. f4 Qxb5 32. Qxb5 Nxb5 33. Kf2 Kg7 34. Ke2 Kf6 35. Kd3 Nc7 36. Kc4 Ne6 37. g3 h5 38. h4 Ke7 39. b4 cxb4 40. Kxb4 f6 41. Kc4 Kd6 42. Kd3 Kd5 43. Kd2 Ke4 44. Ke2 g5 45. hxg5 fxg5 46. fxg5 Nxg5 47. Kd2 Nf3+ 48. Ke2 d3+ 49. Kf2 f4 50. gxf4 Kxf4 51. Kg2 d2 52. Kf2 d1Q 53. Kg2 Qg1+ 54. Kh3 Qg3# 0-1